000 00432nam a22001697a 4500
005 20180801155137.0
008 160513b xxu||||| |||| 00| 0 eng d
020 _a0-07-0462264-1
041 _aeng
082 _b2135
_a658.3
100 _aMonappa, Arun and Saiyeden,Mirza
_94682
245 _aPersonal Management
260 _aNew Delhi
_bTata McGraw Hill Ltd.
_c2006
300 _a409p,
650 _aManagement
_9241
942 _cBK
999 _c780
_d780